[Event "Titled Tuesday intern op 04th Jun Late"]
[Site "Chess.com INT"]
[Date "2024.06.04"]
[Round "8"]
[White "Chor, Kevin"]
[Black "Doknjas, Neil"]
[Result "0-1"]
[WhiteElo "1966"]
[BlackElo "2273"]
[PlyCount "94"]
[EventDate "2024.06.04"]
[EventType "swiss (blitz)"]
[EventRounds "11"]
[EventCountry "USA"]
[SourceTitle "EXT 2025"]
[Source "ChessBase"]
[SourceDate "2024.10.14"]
[SourceVersion "1"]
[SourceVersionDate "2024.10.14"]
[SourceQuality "1"]

1. d4 Nf6 2. c4 c5 3. d5 b5 4. Qc2 b4 5. e4 d6 6. g3 g6 7. Bg2 Bg7 8. Nf3 0-0 9. 0-0 a5 10. Nbd2 e5 11. dxe6 Bxe6 12. e5 dxe5 13. Nxe5 Ra6 14. Nb3 Nfd7 15. Nxd7 Nxd7 16. Be3 Qc7 17. Rad1 a4 18. Nd2 f5 19. Nf3 Nf6 20. Bf4 Qf7 21. Ng5 Qa7 22. Bd6 Re8 23. Rfe1 Bf7 24. Nxf7 Rxe1+ 25. Rxe1 Qxf7 26. Bxc5 Re6 27. Rd1 h5 28. Bxb4 h4 29. Bc3 Ng4 30. Bd5 hxg3 31. hxg3 Bxc3 32. Qxc3 f4 33. Re1 fxg3 34. Bxe6 gxf2+ 35. Kg2 f1Q+ 36. Rxf1 Qxe6 37. Kg3 Ne3 38. Rf4 Nf5+ 39. Kf2 Qd6 40. Qf3 Qd2+ 41. Kg1 Qe1+ 42. Kg2 Ne3+ 43. Kh3 Nf5 44. Kg2 Nh4+ 45. Kh3 Nxf3 46. Rxf3 Qe6+ 47. Kg2 Qxc4 0-1

[Event "Titled Tuesday intern op 04th Jun Late"]
[Site "Chess.com INT"]
[Date "2024.06.04"]
[Round "4"]
[White "Doknjas, Neil"]
[Black "Raczek, Krzysztof"]
[Result "1-0"]
[WhiteElo "2273"]
[BlackElo "2342"]
[PlyCount "83"]
[EventDate "2024.06.04"]
[EventType "swiss (blitz)"]
[EventRounds "11"]
[EventCountry "USA"]
[SourceTitle "EXT 2025"]
[Source "ChessBase"]
[SourceDate "2024.10.14"]
[SourceVersion "1"]
[SourceVersionDate "2024.10.14"]
[SourceQuality "1"]

1. Nf3 c5 2. e4 d6 3. Nc3 Nf6 4. h3 a6 5. a4 g6 6. Bc4 Bg7 7. 0-0 Nc6 8. d3 0-0 9. Bg5 Rb8 10. Qd2 Nd4 11. Nxd4 cxd4 12. Ne2 d5 13. exd5 Nxd5 14. Bh6 Nf6 15. Bxg7 Kxg7 16. Qf4 Bd7 17. Qxd4 Qc7 18. Ng3 Bc6 19. Rae1 Rbd8 20. Qe3 Bxa4 21. Qg5 Kh8 22. Ne4 Ng8 23. Qh4 Be8 24. Ng5 h6 25. Nf3 Kg7 26. Re3 g5 27. Nxg5 hxg5 28. Qxg5+ Kh7 29. Qf5+ Kh8 30. Qh5+ Kg7 31. Rg3+ Qxg3 32. fxg3 f6 33. Qg4+ Bg6 34. h4 Nh6 35. Qe6 Ng8 36. Qb6 Rd7 37. g4 e5 38. g5 fxg5 39. Rxf8 Kxf8 40. Qxg6 gxh4 41. Qxg8+ Ke7 42. Qf7+ 1-0

[Event "Titled Tuesday intern op 04th Jun Late"]
[Site "Chess.com INT"]
[Date "2024.06.04"]
[Round "5"]
[White "Lin, Bryan Enming"]
[Black "Doknjas, Neil"]
[Result "1-0"]
[WhiteElo "2143"]
[BlackElo "2273"]
[PlyCount "53"]
[EventDate "2024.06.04"]
[EventType "swiss (blitz)"]
[EventRounds "11"]
[EventCountry "USA"]
[SourceTitle "EXT 2025"]
[Source "ChessBase"]
[SourceDate "2024.10.14"]
[SourceVersion "1"]
[SourceVersionDate "2024.10.14"]
[SourceQuality "1"]

1. e4 c5 2. Nf3 Nc6 3. d4 cxd4 4. Nxd4 Nf6 5. Nc3 h5 6. Bg5 Qa5 7. Bxf6 gxf6 8. Nb3 Qe5 9. g3 e6 10. Qd2 a6 11. f4 Qc7 12. a3 h4 13. Bg2 b5 14. 0-0-0 Bb7 15. Rhe1 0-0-0 16. Re3 Rg8 17. Nd5 exd5 18. exd5 Na7 19. Rc3 Nc6 20. dxc6 Bxc6 21. Rxc6 dxc6 22. Bh3+ Kb7 23. Qxd8 Qxd8 24. Rxd8 hxg3 25. hxg3 Rxg3 26. Rxf8 Rxh3 27. Rxf7+ 1-0

[Event "San Francisco 1000 GM Memorial Day"]
[Site "San Francisco"]
[Date "2024.05.26"]
[Round "6"]
[White "Doknjas, Neil"]
[Black "Jiang, Lucas"]
[Result "1-0"]
[WhiteElo "2229"]
[BlackElo "2318"]
[PlyCount "101"]
[EventDate "2024.05.23"]
[EventType "swiss"]
[EventRounds "9"]
[EventCountry "USA"]
[SourceTitle "CBM 220 Extra"]
[Source "ChessBase"]
[SourceDate "2024.07.31"]
[SourceVersion "1"]
[SourceVersionDate "2024.07.31"]
[SourceQuality "1"]

1. e4 e5 2. Nf3 Nc6 3. d4 exd4 4. Nxd4 Bc5 5. Be3 Qf6 6. c3 Nge7 7. Bb5 0-0 8. 0-0 Bb6 9. a4 a5 10. f4 Nxd4 11. Bxd4 d5 12. e5 Qg6 13. Bxb6 Qxb6+ 14. Qd4 c5 15. Qf2 f6 16. exf6 Rxf6 17. Nd2 Bg4 18. Rae1 Ng6 19. Qg3 Bf5 20. Qf3 Rd8 21. g3 Qc7 22. Bd3 Qd7 23. Bxf5 Qxf5 24. Rf2 Qd7 25. b3 d4 26. Qd3 Kh8 27. Nc4 b6 28. Rfe2 h6 29. Re4 dxc3 30. Qxc3 Kh7 31. Qf3 Qf7 32. h4 Qd5 33. Qg4 Qd7 34. Qxd7 Rxd7 35. Kf2 Nf8 36. g4 Kg8 37. Kf3 h5 38. g5 Rf5 39. Re8 Rd4 40. R1e4 Rd3+ 41. Re3 Rd4 42. R3e4 Rd3+ 43. Ke2 Rxb3 44. Nd6 Rb2+ 45. Ke3 Rb3+ 46. Kd2 Rd5+ 47. Kc2 Rxd6 48. Kxb3 Rd3+ 49. Kc4 Ra3 50. Kd5 Rd3+ 51. Kc6 1-0

[Event "San Francisco 1000 GM Memorial Day"]
[Site "San Francisco"]
[Date "2024.05.26"]
[Round "7"]
[White "Nagy, Gabor"]
[Black "Doknjas, Neil"]
[Result "1/2-1/2"]
[WhiteElo "2433"]
[BlackElo "2229"]
[PlyCount "96"]
[EventDate "2024.05.23"]
[EventType "swiss"]
[EventRounds "9"]
[EventCountry "USA"]
[SourceTitle "CBM 220 Extra"]
[Source "ChessBase"]
[SourceDate "2024.07.31"]
[SourceVersion "1"]
[SourceVersionDate "2024.07.31"]
[SourceQuality "1"]

1. d4 Nf6 2. c4 e6 3. Nc3 Bb4 4. g3 0-0 5. Bg2 d5 6. Nf3 dxc4 7. 0-0 Nc6 8. Qa4 Bd7 9. Bg5 Bxc3 10. bxc3 Nxd4 11. Qxc4 Nxf3+ 12. Bxf3 Bc6 13. Bxc6 bxc6 14. Rfd1 Qe7 15. Qxc6 Rfd8 16. c4 h6 17. Be3 Rxd1+ 18. Rxd1 Rd8 19. Rxd8+ Qxd8 20. Bxa7 Qd1+ 21. Kg2 Qxe2 22. a4 Ne4 23. Be3 Nd6 24. Qxc7 Nxc4 25. Qd8+ Kh7 26. Qd4 Qc2 27. Qa7 Nxe3+ 28. Qxe3 Qxa4 29. h4 Qc6+ 30. Kh2 Qd5 31. Qf4 f6 32. Qe3 h5 33. Qe2 Qf5 34. Qe3 e5 35. Kg2 Qg4 36. Qd3+ Kh6 37. Qd2+ Kg6 38. Qc2+ Qf5 39. Qc6 Kh6 40. Qc1+ g5 41. hxg5+ Qxg5 42. Qc8 Kh7 43. Qd7+ Qg7 44. Qf5+ Kh6 45. Kh2 Qg6 46. Qc8 e4 47. Qh8+ Kg5 48. Qb8 Qf5 1/2-1/2